01752nam a2200445 i 450000100060000000300080000600500170001400600190003100700150005000800410006502000180010602000270012403500230015103500240017403500250019803500210022304000310024405000220027508000110029708200140030810000410032224501190036326400540048230000570053633600310059333700330062433800430065749000330070058801290073359001640086265000380102665000210106465000200108565500270110570000420113279700190117483000340119385600620122799900170128999765FlNmELB20241217173008.0m o d | cr cnu||||||||150811s2012 sp a o 000 0 spa d z9788492681532 a9788416283033 (e book) a(MiAaPQ)EBC3430581 a(Au-PeEL)EBL3430581 a(CaPaEBR)ebr11087849 a(OCoLC)949146682 aFINmELBbspaerdacFINmELB 4aTH2235bF954 2012 a692.230 a729.12231 aFuente Alonso, José Antonio de la.10aProblemas de replanteo de fachadas de ladrillo /cJosé Antonio de la Fuente Alonso, Isabel Santamaría Vicario. 1aBurgos :bEditorial Universidad de Burgos,c2012. a1 recurso en línea (94 páginas) :bilustraciones atextobtxt2rdacontent/spa acomputadorabc2rdamedia/spa arecurso en líneabcr2rdacarrier/spa1 aManuales y prácticas ;v12 aDescripción basada en recurso en línea; Título de la página del título en PDF (e-libro, visto September 11, 2015). aRecurso electrónico. Santa Fe, Arg.: e-libro, 2015. Disponible vía World Wide Web. El acceso puede estar limitado para las bibliotecas afiliadas a e-libro. 0aFacadesxDesign and construction. 0aBuilding layout. 4aConstrucción. 4aLibros electrónicos.1 aSantamaría Vicario, Isabel,eautor.2 ae-libro, Corp. 0aManuales y prácticas ;v12.40uhttps://elibro.net/ereader/politecnicointernacional/43943 c99765d99765